00265nam a2200109Ia 4500008004100000041000800041082001500049100001900064245002500083260002800108300001900136241028s9999 xx 000 0 und d aeng a339.47 COH aLizabeth Cohen aA Consumers Republic bVintageaNew Yorkc2004 a567;. P. 21 cm